Дело по отношению генерал-губернатора Восточной Сибири об отпуске аванса в 235000 рублей в счет назначений на содержание нерчинс...

Доступно только в Электронных читальных залах Найти на картеНа карте
RUSMARC
00003770nmc2a22000003x 450
0019e4c0484-5e5d-433e-990d-ef465f6d4232
00520210517163137.0
100##$a20190611l18771878k l0rusy0189 ca
1010#$arus
102##$aRU
2001#$aДело по отношению генерал-губернатора Восточной Сибири об отпуске аванса в 235000 рублей в счет назначений на содержание нерчинских и сахалинских каторжных
$j10 октября 1877 г. - 20 января 1878 г.
251##$cДело
300##$aДело
801#0$aRU
$bРГИА
$c20190611
$gRCR
801#1$aRU
$bГлавНИВЦ
$c20190611
$2rusmarc
801#2$aRU
$bПБ им. Б.Н. Ельцина
$c20210517
$gRCR
$2rusmarc
850##$aРГИА
852##$aРГИА
$eФедеральное казенное учреждение "Российский государственный исторический архив" (РГИА)
$j340
937##$hРГИА
$d12317983
$aASBIBLIO_SCAN
462#0$10019a71d1b5-997f-4838-b400-31c5004a7be7
$12001
$aДела Департамента полиции исполнительной МВД за 1877 год
$1251
$cОпись
$1852
$j38
$l1877 г.
461#0$10013e300ed0-cd39-49af-8489-5ba5b90fa401
$12001
$aДепартамент полиции исполнительной МВД
$1251
$cФонд
$1852
$j1286
215##$a18 л.
$d36,5х26 см
371##$aДокумент не является опубликованным и широко распространяемым
105##$ay###
1222#$ad
035##$a9e4c0484-5e5d-433e-990d-ef465f6d4232
856##$uhttp://readingroom.main.prlib.ru/item.aspx?id_node=n164728850&mode=full
Формат отображения